000
00270nam a22001097a 4500
008
241121b |||||||| |||| 00| 0 eng d
100
_a
NIIT
245
_a
Developing Web Application:
_b
Using ASP.net
260
_a
India :
_b
NIIT limited,
300
_c
24 Cm.
942
_2
ddc
999
_c
10087
_d
10088